000 00753nam a2200229 i 4500
001 bg
100 1 _aSTĘPIEŃ, Jan Czesław
245 1 0 _aLaboratorium gospodarki elektroenergetycznej /
_cJan C. Stępień. - Cz.1.
250 _a[Wyd.3].
260 _aKielce :
_bPŚ. Wydaw.,
_c1997.
300 _a235 s. :
_brys., wykr. ;
_c24 cm.
490 1 _aSkrypty / Politechnika Świętokrzyska. Elektryka,
_x0239-6386 ;
_v312
504 _aBibliogr. s. 233-235.
650 9 _aElektroenergetyka
_xurządzenia
655 _aPodręczniki akademickie
830 0 _aSkrypty (Politechnika Świętokrzyska).
_pElektryka
040 _cBPK
041 0 _apl
080 _a621.313/.315:621.317](075.8)
942 _cKS
008 s pl f |000 0 pol
999 _c32592
_d32592
856 _uhttp://koha.tu.koszalin.pl/cgi-bin/koha/opac-detail.pl?biblionumber=32592
_yKatalog online BPK